000 00605nam a2200241Ia 4500
003 OSt
005 20221005083459.0
006 a|||||r|||| 00| 0
007 ta
008 221004b |||||||| |||| 00| 0 eng d
024 _a71898
037 _cTextual
040 _aCRL
_cCRL
_beng
041 _2eng
_aeng
082 _aY33.2, M3
100 _aGupta Giriraj Ed.
_9132044
245 0 _aUrban India
260 _aNew Delhi
_bVikas India
_c1983
300 _axiv, 424p
_ccm.
650 _aSOCIOLOGY
942 _hY33.2, M3
_cTEXL
_2cc
999 _c991062
_d991062